000 00320nam a2200133Ia 4500
005 20250423101034.0
008 250422s9999 xx 000 0 und d
020 _a007286186X
245 0 _aStudent solutions manual for use with investment
260 _aBoston
260 _bMcGraw Hill
260 _c1989
942 _cBK
999 _c35095
_d35095